| 000 | 00829nam a2200229Ia 4500 | ||
|---|---|---|---|
| 003 | CO-CtgCURN | ||
| 005 | 20250410144132.0 | ||
| 008 | 190722s9999 xx 000 0 und d | ||
| 020 | _a9589760511 | ||
| 040 |
_aCO-CtgCURN _bspa _ccoctgcurn |
||
| 082 |
_a342.861 _bP661t |
||
| 100 | _aPinzon, Cerbeleon | ||
| 245 | 0 |
_aTratado de ciencia constitucional / _cCerbeleon Pinzon |
|
| 260 |
_aBogotá, Colombia : _bAcademia Colombiana de Jurisprudencia, _c2006 |
||
| 300 |
_a228 páginas ; _c22 centímetros |
||
| 521 | _aAREA PROFESIONAL | ||
| 590 | _aPrograma de Derecho_18 | ||
| 650 | _aDerecho constitucional y administrativo | ||
| 942 |
_cBK _h342.861 _iP661t _2ddc _n0 |
||
| 999 |
_c28503 _d28503 |
||